| 000 | 00567nam a2200217 i 4500 | ||
|---|---|---|---|
| 001 | bg | ||
| 100 | 1 | _aMik, Cezary. | |
| 245 | 1 | 0 |
_aKoncepcja normatywna europejskiego prawa praw człowieka / _cCezary Mik. |
| 260 |
_aToruń : _bComer, _c1994. |
||
| 300 |
_a316 s. ; _c24 cm. |
||
| 504 | _aBibliogr. s. 302-311. | ||
| 650 | 9 |
_aPrawa człowieka _zEuropa _yod 1945 r. |
|
| 020 | _a8385149341 | ||
| 040 | _cBPK | ||
| 041 | 0 | _apol | |
| 044 | _aPOL | ||
| 080 | _a341.231.14 | ||
| 920 | _a83-85149-34-1 | ||
| 942 | _cKS | ||
| 008 | 130116s pl a f |000 0 pol | ||
| 999 |
_c53838 _d53838 |
||
| 856 |
_uhttp://koha.tu.koszalin.pl/cgi-bin/koha/opac-detail.pl?biblionumber=53838 _yKatalog online BPK |
||